Представление документа в формате MARC21

Поле Инд. ПП Название Значение
Тип записи a
Библиографический уровень b
001 Контрольный номер RU/IS/BASE/157628157
005 Дата корректировки 20200610181712.2
008 Кодируемые данные 20041229
084 a Индекс другой классификации/Индекс ББК 65.261.41в6
100 1_ a Автор Занадворов В. С.
245 a Заглавие Теория налогообложения
b Продолж. заглавия Лекционные и методические материалы. Лекции 11 - 13
500 a Примечание Окончание. - Начало см.: 2003, Т. 7, № 4 и 2004, Т. 8, №№ 1, 2
520 a Аннотация "В завершающих лекциях 11-13 данного курса рассмотрены достаточно многочисленные виды моделей, используемых для оптимизации в рамках изменений по конкретным типам налогов, и некоторые общие проблемы оптимизации налоговой системы, и уклонение от уплаты налогов."
650 a Основная рубрика налогообложение
a Основная рубрика финансы
a Основная рубрика экономика
a Основная рубрика государственные финансы
653 a Ключевые слова издержки налогообложения
a Ключевые слова коррупция
a Ключевые слова косвенные налоги
a Ключевые слова линейный подоходный налог
a Ключевые слова модели налогообложения
a Ключевые слова налоговая система
a Ключевые слова налоговое бремя
a Ключевые слова налоговые доходы
a Ключевые слова налогообложение досуга
a Ключевые слова налогообложение товаров
a Ключевые слова налогообложение услуг
a Ключевые слова нелинейный подоходный налог
a Ключевые слова оптимальное налогообложение
a Ключевые слова оптимизация налогообложения
a Ключевые слова подоходный налог
a Ключевые слова правило Корлетта-Хейга
a Ключевые слова правило Рамсея
a Ключевые слова прямые налоги
a Ключевые слова теория налогообложения
a Ключевые слова типы налогов
a Ключевые слова уклонение от уплаты налогов
a Ключевые слова экономико-математические модели
773 t Заглавие источника Экономический журнал ВШЭ
d Дата издания источника 2004
g Прочая информация Т. 8, № 3. - С. 420 - 452 : граф., эконом. расчет.
w Контрольный № источника RU/IS/BASE/152894142
901 t Тип документа b